000 01057namaa2200301 cb4500
001 BV005305351
003 DE-70
005 20260416151304.0
006 m|||| o||u| ||||||
007 tu
007 7
008 920527s1980 a||| |||| 00||| und d
020 _a9783825387235
_9978-3-8253-8723-5
024 _a9783825387235
_a978-3-8253-8723-5
040 _cRU-10907106
041 _ager
100 _a Denicolò, Barbara
_4aut
_969047
245 _aVon Speis zu kochen
_bKochbücher und Rezeptsammlungen als diskursive Praktiken und Quellen für die Kulturgeschichte des Spätmittelalters und der Frühen Neuzeit
264 _aHeidelberg
_bUniversitätsverlag Winter
_c2025
300 _a376 Seiten
336 _2rdacontent
_aText
_btxt
337 _2rdamedia
_aComputermedien
_bbc
338 _2rdacarrier
_aOnline Ressource
_bcr
490 e r _aInterdisziplinäre Beiträge zu Mittelalter und Früher Neuzeit
_v14
500 _aE-Book / Zugriff nur im Lesesaal
856 _zVolltext
_uhttps://doi.org/10.33675/978-3-8253-8723-5
942 _cEB
_2z
999 _c74075
_d74075